Praktický rybolov - kapor, sumec

Podrobná bibliografia
Hlavní autori: Dobiaš, Tibor (Autor), Bučka, Libor (Autor)
Médium: Kniha
Jazyk:slovenčina
Fyzický popis:49 s. Sch. 21 cm
Vydavateľské údaje: Bratislava Zvončeky 1995
ISBN:8096705938
Predmet:

MARC

LEADER 00000nam a2200000 a 4500
001 vtls001182844
003 SK-MaSNL
005 20260301002708.0
008 240315s1995 xo a r slo
015 |a SNBA1996/0501264 
020 |a 8096705938 
035 |a SNK000125893 
035 |a urn:nbn:sk:snk-amkexy 
035 |a urn:nbn:sk:snk-am003o3l 
035 |a 16A5A2F1-CD30-42DC-B7D5-4E6D0C4C4E2C 
040 |a SNK  |b slo  |c SNK  |e AACR2 
041 0 |a slo 
044 |a xo  |c SK 
080 |a 639.2.081.1(035)  |2 1981 
100 1 |a Dobiaš, Tibor  |4 aut  |9 13175 
245 1 0 |a Praktický rybolov - kapor, sumec  |c Tibor Dobiaš, Libor Bučka 
260 |a Bratislava  |b Zvončeky  |c 1995 
300 |a 49 s.  |b Sch.  |c 21 cm 
500 |a Ilustr. na tit. strane 
650 0 7 |a rybolov  |x technika  |x príručky  |2 SNK  |9 282949 
655 7 |a príručky  |2 SNK  |9 74364 
700 1 |a Bučka, Libor  |4 aut  |9 43090 
919 |a 80-967059-3-8 
958 |a TL 
999 |c 537893  |d 539823 
952 |t P60, <09>, [BOOK], {629}  |a SNK  |b SNK  |y NEVYP  |7 0  |o snkC 539  |i snk1043/960312  |0 0  |1 0  |4 0  |d 1996-03-11  |l 0  |r 2005-01-01 00:00:00  |w 2026-02-23 
952 |t P60, <03>, [BOOK], {603}  |a SNK  |b SNK  |y PREZ  |7 0  |p 17A0000977  |o snkSC 90157  |i snkKSP 2806/96  |0 0  |1 0  |4 0  |d 1996-03-11  |f 1  |l 0  |r 2025-09-09 00:00:00  |w 2026-02-23 
952 |t P60, <04>, [BOOK], {604}  |a SNK  |b SNK  |y VYP  |7 0  |p 17A0000978  |o snkSC 90157 D1  |i snkKSP 2807/96  |0 0  |1 0  |4 0  |d 1996-03-11  |l 0  |r 2005-01-01 00:00:00  |w 2026-02-23